Music Quiz

Random Music or Kpop Quiz
Score 0/300 Timer 20:00
1 Play Today
Hint Answer % Correct
AOAJimin
98%
BTSJimin
98%
15&Jimin ♡
98%
VIXXN
97.3%
U-KissJun
97.3%
SeventeenJun ♡
97.3%
BTSJin
96.4%
LovelyzJin
96.4%
2NE1CL
95.8%
EXOD.O ♡
95.4%
BTSV ♡
95.3%
BTSRap Monster
94.4%
BIGBANGG-Dragon ♡
94.1%
2NE1Bom
94%
BTSJungkook
93.7%
EXOKai
93.6%
BIGBANGT.O.P
93.5%
GOT7Jackson
93.4%
BTSSuga
93.4%
BIGBANGTaeyang
93.4%
BTSJ-Hope
93.1%
EXOBaekhyun
93.1%
EXOChanyeol
93.1%
EXOChen
93%
EXOLay
92.9%
EXIDLE
92.9%
EXOSuho
92.8%
EXOSehun
92.7%
GOT7BamBam
92.6%
BIGBANGSeungri
92.6%
GOT7Mark
92.5%
EXOXiumin
92.4%
GOT7JB
91.9%
BIGBANGDaesung
91.7%
GOT7Jinyoung ♡
91.7%
2NE1Dara ♡
91.5%
SHINeeMinho
90.5%
B.A.PYoungjae ♡
90.4%
GOT7Youngjae
90.4%
SHINeeTaemin
90.4%
iKONB.I
89.8%
EXIDHani
89.8%
SHINeeKey ♡
89.6%
Girl's Generation/SNSDTaeyeon
89.6%
iKONBobby
89.4%
BLOCK BZico
89%
SHINeeOnew
89%
Girl's Generation/SNSDTiffany ♡
88.3%
Red VelvetYeri
88%
GOT7Yugyeom
87.3%
SHINeeJonghyun
86.9%
AOAMina
86.9%
GugudanMina
86.9%
I.O.IMina
86.8%
TwiceMina
86.8%
Red VelvetIrene
86.5%
Girl's Generation/SNSDSunny
86.1%
Red VelvetJoy
85.9%
Red VelvetWendy
85.7%
BTOBMinhyuk ♡
85.6%
MONSTA XMinhyuk
85.6%
BLACKPINKLisa
85.4%
SeventeenVernon
85%
SeventeenWoozi
84.9%
VIXXLeo
84.7%
VIXXRavi
83.8%
Super JuniorHeechul
83.4%
Girl's Generation/SNSDYoona
82.9%
TwiceMoMo
82.6%
BLACKPINKRosé
82.4%
B.A.PZelo
81.9%
SistarBora
81.7%
Girl's Generation/SNSDYuri
81.7%
Red VelvetSeulgi ♡
81.6%
VIXXKen
81.5%
Super JuniorSiwon
81.5%
SeventeenS.Coups
81.4%
2PMTaecyeon
81%
2PMJunho
81%
AOAChoa
80.5%
WINNERMino ♡
80.4%
Super JuniorLeeteuk
80.2%
SeventeenThe8
80%
BLACKPINKJisoo
80%
LovelyzJisoo
79.9%
BLOCK BP.O
79.9%
SeventeenDino
79.8%
MamamooSolar ♡
79.8%
NU'ESTRen
79.5%
SistarHyorin
79.4%
SeventeenHoshi
79.4%
NU'ESTJR ♡
79.2%
BLACKPINKJennie ♡
79.1%
BTOBSungjae
78.8%
VIXXHyuk
78.7%
TwiceSana
78.5%
VIXXHongbin ♡
78.4%
MONSTA XI.M
78.3%
B1A4Jinyoung
78.2%
Girl's Generation/SNSDSeohyun
78.2%
Hint Answer % Correct
MONSTA XShownu
78.1%
SeventeenJoshua
77.9%
2PMJun.K
77.5%
TwiceTzuyu
77.3%
SeventeenDK
77.1%
Girl's DayHyeri
76.9%
APinkBomi
76.9%
SeventeenWonwoo
76.6%
MamamooHwasa
76.5%
APinkEunji ♡
76.3%
Girl's Generation/SNSDSooyoung
75.8%
SeventeenMingyu
75.7%
Girl's Generation/SNSDHyoyeon
75.6%
SeventeenJeonghan
75.1%
AOASeolhyun
75%
BTOBIlhoon
75%
After SchoolNana ♡
75%
B.A.PDaehyun
74.9%
BLOCK BTaeil
74.9%
BLOCK BKyung
74.6%
Super JuniorKyuhyun ♡
74.5%
Super JuniorDonghae
74.5%
EXIDSolji ♡
73.8%
Super JuniorShindong
73.8%
B.A.PYongguk
73.7%
BLOCK BB-Bomb
73.7%
MONSTA XWonho
73.7%
Super JuniorEunhyuk
73.6%
GFriendYerin
73.6%
BTOBPeniel
73.6%
15&Yerin
73.6%
SeventeenSeungkwan
73.5%
MamamooMoonbyul
73.4%
SistarDasom ♡
73.4%
BLOCK BU-Kwon ♡
73.2%
MONSTA XJooheon ♡
73.1%
B1A4Baro
72.7%
TwiceDahyun
72.7%
2PMNichkhun ♡
72.6%
BeastYoseob
72.3%
WINNERTaehyun
72%
TwiceJihyo
71.8%
Super JuniorRyeowook
71.5%
BTOBEunkwang
71.4%
Girl's DayMinah ♡
71.1%
MONSTA XKihyun
71%
TwiceNayeon ♡
70.9%
MamamooWheein
70.9%
GFriendSinB
70.7%
B.A.PHimchan
70.6%
Super JuniorKangin
70.2%
Super JuniorYesung
70.2%
AstroRocky ♡
70.1%
SistarSoyou
70%
APinkNaeun
69.4%
B.A.PJongup
69.1%
2PMWooyoung
68.4%
APinkChorong
68.3%
AstroJinJin
68.1%
AstroEunwoo
68.1%
iKONJunhoe
67.8%
B1A4CNU ♡
66.8%
B1A4Sandeul
66.7%
AstroMoonbin
66.7%
MONSTA XHyungwon
66.7%
iKONChanwoo
66.6%
GFriendYuju ♡
66.5%
BeastGikwang ♡
66.3%
BTOBChangsub
66.3%
AstroSanha
66.2%
AstroMJ
65.8%
iKONJinhwan ♡
65.8%
B1A4Gongchan
65.1%
NU'ESTAron
65%
EXIDHyerin
64.9%
After SchoolLizzy
64.8%
GFriendUmji
64.8%
Brown Eyed GirlsGain
64.8%
BeastDoojoon
64.7%
2PMChansung
64.6%
Super JuniorSungmin
64.5%
EXIDJunghwa
64.4%
GFriendEunha
64.1%
U-KissKevin ♡
64%
TwiceChaeyoung
63.4%
BLOCK BJaehyo
63.2%
BTOBHyunsik
62.5%
Girl's DayYura
62.4%
WINNERJinwoo
62.3%
APinkNamjoo
61.5%
WINNERSeunghoon
61.5%
WINNERSeungyoon
61.5%
After SchoolUee
61.4%
GFriendSowon
60.8%
BeastDongwoon
60.3%
NU'ESTBaekho
59.9%
iKONDonghyuk
59.8%
After SchoolRaina
59.5%
AOAChanmi
59.4%
Girl's DaySojin
59.3%
Hint Answer % Correct
9MusesSojin
59.3%
I.O.ISomi
58.9%
NU'ESTMinhyun
57.8%
AOAYuna
57.8%
TwiceJeongyeon
57.3%
BeastJunhyung
56.9%
APinkHayoung
55.4%
Wonder GirlsSunmi ♡
55.4%
U-KissEli
54.5%
BoyfriendKwangmin
54.3%
BoyfriendYoungmin
54%
BoyfriendMinwoo ♡
52.3%
Brown Eyed GirlsNarsha
52.1%
iKONYunhyeong
52%
CLCSorn ♡
51.5%
Wonder GirlsYubin
48.9%
AOAHyejeong ♡
48.7%
LovelyzKei
48.1%
LovelyzBaby Soul ♡
48.1%
Brown Eyed GirlsJea
47.1%
CLCYeeun
46.4%
UP10TIONXiao
46.3%
Brown Eyed GirlsMiryo ♡
46.2%
9MusesKyungri ♡
45.3%
FiestarYezi ♡
44.6%
9MusesHyuna
44.4%
UP10TIONWooshin
44%
BoyfriendDonghyun
43%
FiestarCao Lu
42.3%
BoyfriendJeongmin
41.7%
OH MY GIRLYooa
41.6%
GugudanNayoung
41.3%
I.O.INayoung
41.3%
U-KissKiseop
40.9%
GugudanMimi
40.7%
OH MY GIRLMimi
40.7%
UP10TIONWei
40.3%
CLCSeunghee
40.3%
OH MY GIRLSeunghee
40.3%
GugudanSejeong ♡
40%
I.O.ISejeong
40%
I.O.IChungha ♡
39.8%
I.O.IPinky
39.4%
UP10TIONBitto
39.4%
UP10TIONKuhn
38.3%
U-KissAJ
38.2%
U-KissSoohyun
38%
WJSN/Cosmic GirlsExy
37.7%
After SchoolE-Young
37.2%
U-KissHoon
36.8%
I.O.IChaeyeon
35.7%
I.O.ISohye
35.4%
After SchoolKaeun
35.3%
OH MY GIRLBinnie
35%
I.O.IDoyeon
34.8%
I.O.IYoojung
34.8%
FiestarJei
33.3%
UP10TIONHwanhee
33.1%
OH MY GIRLJiho
32.9%
LovelyzMijoo
32.9%
WJSN/Cosmic GirlsCheng Xiao
32.7%
CLCElkie
32.7%
UP10TIONJinhoo
32.6%
UP10TIONSunyoul
32.5%
UP10TIONKogyeol ♡
32.4%
BoyfriendHyunseong
32.3%
OH MY GIRLArin
32%
9MusesHyemi
30.8%
FiestarHyemi
30.8%
LovelyzJiae
30.6%
LovelyzYein
30.4%
CLCEunbin
29.2%
CLCSeungyeon
29.1%
I.O.IYeonjung
29%
WJSN/Cosmic GirlsYeonjung
29%
Wonder GirlsLim
28.6%
UP10TIONGyujin
28.4%
Wonder GirlsYenny
28.2%
OH MY GIRLJinE ♡
27.5%
GugudanHana
27.3%
WJSN/Cosmic GirlsBona ♡
27%
FiestarLinzy
26.7%
OH MY GIRLHyojung
26.3%
WJSN/Cosmic GirlsLuda
26.1%
CLCYujin
24.7%
WJSN/Cosmic GirlsDayoung
24.7%
GugudanHyeyeon
24.4%
WJSN/Cosmic GirlsMei Qi
24.2%
LovelyzSujeong
24.2%
9MusesKeumjo
23.9%
WJSN/Cosmic GirlsSeola
23.4%
WJSN/Cosmic GirlsDawon
23.3%
GugudanSally
22.7%
WJSN/Cosmic GirlsEunseo
21.1%
WJSN/Cosmic GirlsXuan Yi
21.1%
WJSN/Cosmic GirlsYeoreum
21.1%
9MusesSungah
21%
WJSN/Cosmic GirlsSoobin
20.8%
GugudanSoyee
17.5%
GugudanHaebin
17.1%
Remove Ads.
Support Sporcle.
Get the best of Sporcle when you Go Orange. This ad-free experience offers more features, more stats, and more fun while also helping to support Sporcle. Thank you for becoming a member.

You're not logged in!

Compare scores with friends on all Sporcle quizzes.
OR
Log In

Show Comments

Extras

Created Aug 14, 2016ReportNominate
Tags:Kpop Quiz, 300, idol, Kpop Quiz

Top Quizzes Today


Score Distribution

Your Account Isn't Verified!

In order to create a playlist on Sporcle, you need to verify the email address you used during registration. Go to your Sporcle Settings to finish the process.

Report this User

Report this user for behavior that violates our Community Guidelines.

Details: